Managerial economics : Economic tools for today's decision makers
This text provides a vivid learning environment by integrating a running case study and providing a dynamic capstone case
Đã lưu trong:
| Príomhúdar: | |
|---|---|
| Formáid: | Leabhar |
| Teanga: | Undetermined |
| Foilsithe: |
London
Prentice Hall International
c1996
|
| Ábhair: | |
| Clibeanna: |
Cuir Clib Leis
Gan Chlibeanna, Bí ar an gcéad duine leis an taifead seo a chlibeáil!
|
| Thư viện lưu trữ: | Trung tâm Học liệu Trường Đại học Cần Thơ |
|---|
| LEADER | 00728nam a2200217Ia 4500 | ||
|---|---|---|---|
| 001 | CTU_23711 | ||
| 008 | 210402s9999 xx 000 0 und d | ||
| 020 | |c 213000 | ||
| 082 | |a 338.5024658 | ||
| 082 | |b K25 | ||
| 100 | |a Keat, Paul G | ||
| 245 | 0 | |a Managerial economics : | |
| 245 | 0 | |b Economic tools for today's decision makers | |
| 245 | 0 | |c Paul G Keat, Philip K Y Young | |
| 260 | |a London | ||
| 260 | |b Prentice Hall International | ||
| 260 | |c c1996 | ||
| 520 | |a This text provides a vivid learning environment by integrating a running case study and providing a dynamic capstone case | ||
| 650 | |a Managerial economics | ||
| 904 | |i Phượng, H.Mai | ||
| 980 | |a Trung tâm Học liệu Trường Đại học Cần Thơ | ||